Pays et capitales mélangées - Statistiques

Statistiques générales
  • Ce quiz a été pris 47 fois
    12 depuis la dernière actualisation
  • Le résultat moyen est 41 sur 82
Statistiques - réponses
Anagramme Décomposition % Correct
ATOQAHRAD Doha
88%
MANPPNAAMAAA Panama
88%
MANPPNAAMAAA Panama
88%
ATOQAHRAD Qatar
88%
NACGRCAAHA Accra
75%
EÉGEALRARGLI Alger
75%
EÉGEALRARGLI Algérie
75%
SNAPFRACIRE France
75%
NACGRCAAHA Ghana
75%
OPOJYKNOAT Japon
75%
ÏEWKKWTOÏEOT Koweït
75%
ÏEWKKWTOÏEOT Koweït
75%
LYBRLPIIEOIT Libye
75%
OGMTÉLOO Lomé
75%
ORAMABCTAR Maroc
75%
OVRENSOÈLOG Norvège
75%
OVRENSOÈLOG Oslo
75%
SNAPFRACIRE Paris
75%
ORAMABCTAR Rabat
75%
EMAYANNAÉS Sanaa
75%
EWÏTTIIAAPAN Taipei
75%
EWÏTTIIAAPAN Taïwan
75%
OGMTÉLOO Togo
75%
OPOJYKNOAT Tokyo
75%
LYBRLPIIEOIT Tripoli
75%
EMAYANNAÉS Yémen
75%
ILMMKABOAA Bamako
63%
WANOCTATDAAA Canada
63%
NIÉCIKENHP Chine
63%
ILMMKABOAA Mali
63%
WANOCTATDAAA Ottawa
63%
NIÉCIKENHP Pékin
63%
JDUFAVIIS Fidji
50%
BYNAKRIIAOEN Kenya
50%
CANMMNOOCAOO Monaco
50%
CANMMNOOCAOO Monaco
50%
OSSMRSUOICUE Moscou
50%
BYNAKRIIAOEN Nairobi
50%
YEGINMAREIN Niamey
50%
YEGINMAREIN Niger
50%
OSSMRSUOICUE Russie
50%
JDUFAVIIS Suva
50%
IINETUSTSNUI Tunis
50%
IINETUSTSNUI Tunisie
50%
ECÈTGÈSHENRA Athènes
38%
ESIBSRESNUE Berne
38%
AÉNLSARDGKÉA Dakar
38%
ECÈTGÈSHENRA Grèce
38%
NNAHIRÉTARÉ Iran
38%
VAREUIKIEKN Kiev
38%
LNAKRGIIDAWA Kigali
38%
KBMLZSAUIAAE Lusaka
38%
ENASOACMTMA Mascate
38%
RUANERUNAY Nauru
38%
ENASOACMTMA Oman
38%
LNAKRGIIDAWA Rwanda
38%
AÉNLSARDGKÉA Sénégal
38%
ESIBSRESNUE Suisse
38%
NNAHIRÉTARÉ Téhéran
38%
VAREUIKIEKN Ukraine
38%
RUANERUNAY Yaren
38%
KBMLZSAUIAAE Zambie
38%
JEGANBAARUII Abuja
25%
DOGLAAAULNNA Angola
25%
OMPSAIAAA Apia
25%
KAGIADBDRA Bagdad
25%
UBMBGNLAIJAE Banjul
25%
IRASAMESYD Damas
25%
UBMBGNLAIJAE Gambie
25%
KAGIADBDRA Irak
25%
LARIMOIETE Italie
25%
DOGLAAAULNNA Luanda
25%
LDLEMMÉSIAAV Malé
25%
JEGANBAARUII Nigeria
25%
LARIMOIETE Rome
25%
OMPSAIAAA Samoa
25%
IRASAMESYD Syrie
25%
GTTILRAEOIEN Lettonie
13%
ORIPAMUÉL Lima
13%
LDLEMMÉSIAAV Maldives
13%
ORIPAMUÉL Pérou
13%
GTTILRAEOIEN Riga
13%
Aucun quiz correspondant
Distribution des résultats
% des personnes avec chaque résultat
Percentile par nombre de réponses
Votre historique - résultats
Vous n’avez pas pris ce quiz depuis la dernière actualisation